| 000 | 00618nam a2200205Ia 4500 | ||
|---|---|---|---|
| 008 | 140626s9999 xx 000 0 und d | ||
| 100 | _aStroud, Catherine. | ||
| 245 |
_aSevere and nonsevere events in first onsets versus recurrences of depression : _bevidence for sensitization / _cCatherine Stroud ... [et al.]. |
||
| 260 | _cc2011. | ||
| 300 | _a120 : 1, page 142 | ||
| 440 | _aJournal of Abnormal Psychology | ||
| 521 | _aPSYCH | ||
| 650 | _aDepression. | ||
| 650 | _aKindling. | ||
| 650 | _aLife events. | ||
| 650 | _aSensitization. | ||
| 650 | _aStress autonomy. | ||
| 650 | _aStress. | ||
| 942 | _cSE | ||
| 999 |
_c121269 _d121269 |
||